Potatoes : production, storing, processing /

Guardado en:
Autor Principal: Smith, Ora, 1900-
Formato: Libro
Idioma:English
Publicado: Westport, Conn. : Avi Pub. Co., c1977.
Edición:2nd ed.
Materias:
Etiquetas: Agregar Etiqueta
Sin Etiquetas, Sea el primero en etiquetar este registro!
LEADER 00836pam a22002655a 4500
001 EIQ.libpla001487
008 770321s1977####ctuao####b####001#0#eng#d
005 20070206143021.0
245 1 0 |a Potatoes :  |b production, storing, processing /  |c Ora Smith. 
250 |a 2nd ed. 
260 |a Westport, Conn. :  |b Avi Pub. Co.,  |c c1977. 
300 |a xi, 776 p. :  |b il., fotos ;  |c 24 cm. 
504 |a Incluye referencias bibliográficas e índice. 
020 |a 0870552244 
100 1 |a Smith, Ora,  |d 1900- 
082 0 0 |a 635/.21 
650 4 |a Papas  |x Producción. 
650 4 |a Papas  |x Almacenaje. 
650 4 |a Papas  |x Procesamiento. 
650 4 |a Potatoes  |x Storage. 
650 4 |a Potatoes  |x Processing. 
650 4 |a Potatoes  |x Production. 
010 |a  77004772  
040 |a DLC  |c DLC  |d AR-BbSID 
859 |a AR-BbSID  |b BIB. PLAPIQUI  |h 635.21  |i Sm 63  |p 870